000 00449nam a2200169 a 4500
001 0000-8780
003 ELIB.Books
008 110520 1961
035 _a(ELIB.Books)0000-8926
082 _a221
_bEic
100 _aEichodt, Walther
245 _aTheology of the Old Testament ( Vol.2 )
260 _bPhiladelphia: The Westminster Press
_c1961
650 _aOld Testament
942 _2ddc
_cBK
998 _cbat
_e2011-05-20
999 _c8780
_d8780